[Event "GER-ch U18 sf Berlin Online"]
[Site "Playchess.com INT"]
[Date "2020.05.01"]
[Round "10"]
[White "Fock, Madiha"]
[Black "Lieske, Aaron"]
[Result "1-0"]
[WhiteElo "1749"]
[BlackElo "1620"]
[PlyCount "93"]
[EventDate "2020.05.01"]
[EventType "swiss (blitz)"]
[EventRounds "13"]
[EventCountry "GER"]
[SourceTitle "CBM 195 Extra"]
[Source "ChessBase"]
[SourceDate "2020.05.31"]
[SourceVersion "1"]
[SourceVersionDate "2020.05.31"]
[SourceQuality "1"]

1. e4 e5 2. Nf3 Nc6 3. d4 exd4 4. Nxd4 Nf6 5. Nc3 Bc5 6. Be3 Bb4 7. Nxc6 Bxc3+ 8. bxc3 dxc6 9. Qxd8+ Kxd8 10. 0-0-0+ Ke7 11. Bg5 h6 12. Bxf6+ Kxf6 13. f4 Bg4 14. Rd3 Ke7 15. h3 Be6 16. a3 Bc4 17. Rd4 Bxf1 18. Rxf1 Rad8 19. Rfd1 Rxd4 20. cxd4 Rd8 21. c3 f6 22. g4 Kf7 23. Kd2 Re8 24. Ke3 g6 25. c4 f5 26. e5 Ke6 27. d5+ cxd5 28. cxd5+ Ke7 29. Rb1 b6 30. Rc1 Rc8 31. d6+ Kd7 32. dxc7 Rxc7 33. Rd1+ Ke6 34. Rd6+ Ke7 35. Rxg6 fxg4 36. hxg4 Rc3+ 37. Ke4 Rxa3 38. Rxh6 Rg3 39. g5 a5 40. Rxb6 a4 41. Ra6 a3 42. f5 Rg4+ 43. Kd5 Rxg5 44. f6+ Kf7 45. Ra7+ Ke8 46. Ke6 Rg6 47. Ra8# 1-0

[Event "GER-ch U18 sf Berlin Online"]
[Site "Playchess.com INT"]
[Date "2020.05.01"]
[Round "8"]
[White "Mueller, Anker"]
[Black "Lieske, Aaron"]
[Result "1-0"]
[WhiteElo "1364"]
[BlackElo "1620"]
[PlyCount "81"]
[EventDate "2020.05.01"]
[EventType "swiss (blitz)"]
[EventRounds "13"]
[EventCountry "GER"]
[SourceTitle "CBM 195 Extra"]
[Source "ChessBase"]
[SourceDate "2020.05.31"]
[SourceVersion "1"]
[SourceVersionDate "2020.05.31"]
[SourceQuality "1"]

1. e3 e5 2. Nc3 d5 3. d4 exd4 4. exd4 h6 5. Nf3 Nf6 6. Bd3 Bb4 7. Bf4 0-0 8. 0-0 Bxc3 9. bxc3 c6 10. Rb1 b6 11. a4 Bg4 12. h3 Be6 13. Qe2 Re8 14. Qd2 Nbd7 15. Ne5 Nxe5 16. Bxe5 Nd7 17. Qe2 Nxe5 18. dxe5 Bd7 19. Rfe1 Qg5 20. c4 Bxh3 21. g3 Re7 22. Qe3 Qxe3 23. Rxe3 Rae8 24. f4 f6 25. Bg6 Rc8 26. Kf2 fxe5 27. Rxe5 Rxe5 28. fxe5 dxc4 29. Re1 Be6 30. c3 Rd8 31. Re2 Rd3 32. Bxd3 cxd3 33. Rd2 Bc4 34. Ke3 Kf7 35. Kd4 b5 36. axb5 cxb5 37. Kc5 a5 38. Kd6 a4 39. e6+ Bxe6 40. Rxd3 Bc4 41. Rf3+ 1-0

[Event "GER-chT U12"]
[Site "Magdeburg"]
[Date "2019.12.29"]
[Round "5.5"]
[White "Lieske, Aaron"]
[Black "Bock, Leonas"]
[Result "0-1"]
[WhiteElo "1493"]
[BlackElo "1226"]
[PlyCount "90"]
[EventDate "2019.12.27"]
[EventType "team-swiss"]
[EventRounds "7"]
[EventCountry "GER"]
[SourceTitle "CBM 194 Extra"]
[Source "ChessBase"]
[SourceDate "2020.03.31"]
[SourceVersion "1"]
[SourceVersionDate "2020.03.31"]
[SourceQuality "1"]
[WhiteTeam "Kreuzberg"]
[BlackTeam "Weimar"]
[WhiteTeamCountry "GER"]
[BlackTeamCountry "GER"]

1. e4 d5 2. exd5 Qxd5 3. Nc3 Qa5 4. d4 Nf6 5. Bc4 Nc6 6. Bd2 Nxd4 7. Nb5 Qb6 8. Be3 e5 9. c3 Qc6 10. cxd4 Qxc4 11. a4 Bd6 12. Nf3 e4 13. Ne5 Qe6 14. Qc2 c6 15. Nxd6+ Qxd6 16. 0-0 0-0 17. Rad1 Re8 18. Rfe1 Bf5 19. Qb3 Re7 20. Bf4 Qd5 21. Qg3 Kh8 22. Bg5 Rg8 23. h3 c5 24. Nf3 h6 25. Bh4 Re6 26. Bxf6 gxf6 27. Qh4 exf3 28. Qxh6+ Bh7 29. dxc5 fxg2 30. Qf4 Qf5 31. Qh4 Qg5 32. Qd4 Bg6 33. Qb4 Qh5 34. Qc3 Bf5 35. Rxe6 Bxe6 36. Qxf6+ Rg7 37. Rd8+ Kh7 38. Rd4 Rg6 39. Rh4 Rxf6 40. Rxh5+ Kg6 41. Rh8 Bd5 42. Rd8 Rf5 43. Rd7 Re5 44. Kh2 Re1 45. Rd6+ Kg7 0-1

[Event "GER-chT U12"]
[Site "Magdeburg"]
[Date "2019.12.28"]
[Round "4.5"]
[White "Vecera, Fabio"]
[Black "Lieske, Aaron"]
[Result "0-1"]
[WhiteElo "1529"]
[BlackElo "1493"]
[PlyCount "134"]
[EventDate "2019.12.27"]
[EventType "team-swiss"]
[EventRounds "7"]
[EventCountry "GER"]
[SourceTitle "CBM 194 Extra"]
[Source "ChessBase"]
[SourceDate "2020.03.31"]
[SourceVersion "1"]
[SourceVersionDate "2020.03.31"]
[SourceQuality "1"]
[WhiteTeam "Leipzig Gruen Weiss"]
[BlackTeam "Kreuzberg"]
[WhiteTeamCountry "GER"]
[BlackTeamCountry "GER"]

1. e4 e5 2. Nf3 Nc6 3. d4 exd4 4. Bc4 Nf6 5. 0-0 d6 6. Nxd4 Be7 7. Nc3 0-0 8. Re1 Bd7 9. Bg5 h6 10. Bf4 Ne5 11. Bb3 Ng6 12. Bg3 Ne8 13. h3 Bg5 14. Rf1 Bf4 15. Nce2 Bxg3 16. Nxg3 Ne5 17. f4 Nc6 18. Ndf5 Bxf5 19. Nxf5 Qf6 20. Qg4 Nd4 21. c3 Nxf5 22. exf5 c6 23. Rf3 d5 24. Rd1 Nd6 25. Bc2 Rfe8 26. Kf2 Re7 27. Qh5 Rae8 28. Rd2 Nc4 29. Rd1 Re2+ 30. Kg1 Rxc2 31. g4 Ree2 32. Rg3 Rg2+ 33. Rxg2 Rxg2+ 34. Kxg2 Ne3+ 35. Kg3 Nxd1 36. g5 hxg5 37. Qxd1 Qxf5 38. fxg5 Qxg5+ 39. Kf2 Qf4+ 40. Kg2 Qe4+ 41. Kf2 f5 42. Qb3 Qh4+ 43. Ke2 Qc4+ 44. Qxc4 dxc4 45. Ke3 c5 46. Kf4 g6 47. h4 Kf7 48. Ke5 b6 49. Kd5 Kf6 50. Kxc4 g5 51. hxg5+ Kxg5 52. Kd3 Kf4 53. Ke2 Kg3 54. c4 Kf4 55. a3 Ke4 56. b4 Kd4 57. bxc5 bxc5 58. Kf3 Kxc4 59. Kf4 Kd3 60. Kxf5 c4 61. Ke5 c3 62. Kd5 c2 63. Kc5 c1Q+ 64. Kb5 Qc4+ 65. Ka5 Qb3 66. a4 Kc4 67. Ka6 Qb6# 0-1